[Event "45. Sparkassen Chess-Meeting"]
[Site "Dortmund"]
[Date "2017.07.15"]
[Round "1"]
[White "Kramnik, Vladimir"]
[Black "Fedoseev, Vladimir"]
[Result "0-1"]
[WhiteElo "2812"]
[BlackElo "2726"]
[Annotator "TA"]
[PlyCount "58"]
[EventDate "2017.??.??"]
[EventType "tourn"]
[EventCountry "GER"]
[SourceTitle "playchess.com"]
[Source "ChessBase"]
[SourceQuality "1"]

{[%evp 14,58,31,20,22,24,25,13,31,18,16,16,29,0,21,-14,-16,-11,-11,-6,-21,-9,6,-259,-255,-266,-260,-354,-324,-289,-287,-373,-381,-369,-358,-836,-820,-867,-861,-958,-958,-1020,-957,-1255,-1167,-1749,-1621]} 1. e4 c6 2. d4 d5 3. exd5 cxd5 4. Bd3 Nc6 5. c3 Qc7 6. Na3 {B13: Caro-Kann: Exchange Variation and Panov-Botvinnik Attack} (6. Ne2 Bg4 7. O-O e6 8. Qe1 Bd6 9. f3 Bh5 10. Qh4 Nf6 11. Nf4 Bxf4 12. Bxf4 Qe7 13. Bg5 Bg6 14. Bxg6 fxg6 {½-½ (46) Santos Latasa,J (2542)-Anand,V (2783) Leon 2017}) 6... a6 7. Nc2 Nf6 8. h3 {LiveBook: 8 Games. White is slightly better.} e6 9. Nf3 b5 $146 ({Predecessor:} 9... Be7 10. O-O O-O 11. Re1 b5 12. Bd2 Bb7 13. a4 bxa4 14. Rxa4 {½-½ (31) Liljedahl,L (2238)-Aperia,J (1982) Sweden 2008}) 10. O-O Bb7 11. Re1 Bd6 12. Bg5 Ne4 13. a4 bxa4 14. c4 Nxg5 15. Nxg5 {Hoping for cxd5.} dxc4 16. Bxc4 {Threatens to win with Nxf7!} Nd8 17. Ne3 Bf4 {White must now prevent ...Bxe3.} (17... h6 $5 18. Nf3 $8 O-O $11) 18. Qh5 $2 {[%mdl 8192]} (18. Qxa4+ $11 {and White has nothing to worry.} Bc6 19. Qa5 Qxa5 20. Rxa5) 18... Bxe3 $1 $19 19. Rxe3 {[%cal Rc4e6] Strongly threatening Bxe6.} Qxc4 $40 {[%mdl 128] Black is out for blood.} 20. Rxe6+ Kf8 ({Less strong is} 20... Nxe6 21. Qxf7+ Kd8 22. Qxb7 $17) 21. Re5 {[#] aiming for Rae1.} h6 $1 ({Not} 21... Qxd4 $2 22. Rae1 $18) 22. Rae1 {[%csl Ge1][%cal Re5e8]} g6 {[%cal Bg7g6,Bg6g5][%mdl 32]} 23. Qh4 {[#] White wants to mate with Re8+.} Kg7 $1 24. Nxf7 $2 (24. Ne4 Bxe4 25. Qxe4) 24... Nxf7 {Black is clearly winning.} ({Don't blunder} 24... Kxf7 $2 25. Re7+ Kg8 26. Qf6 $18) 25. Re6 g5 26. Qh5 {[#]} Rhe8 $1 27. Qg6+ (27. Rxe8 Rxe8) 27... Kf8 28. f3 Qxd4+ 29. Kh1 Rac8 {Precision: White = 30%, Black = 71%.} 0-1

[Event "45. Sparkassen Chess-Meeting"]
[Site "Dortmund"]
[Date "2017.07.15"]
[Round "1"]
[White "Vachier-Lagrave, Maxime"]
[Black "Wojtaszek, Radoslaw"]
[Result "1/2-1/2"]
[WhiteElo "2791"]
[BlackElo "2736"]
[Annotator "TA"]
[PlyCount "120"]
[EventDate "2017.??.??"]
[EventType "tourn"]
[EventCountry "GER"]
[SourceTitle "playchess.com"]
[Source "ChessBase"]
[SourceQuality "1"]

{[%evp 24,120,25,22,11,16,19,0,0,0,0,0,0,-9,-9,-13,-8,-33,-34,-35,-23,-49,-47,-49,-27,-36,-42,-64,-62,-54,-58,-68,-64,-109,-100,-106,-106,-154,-141,-135,-164,-186,-188,-159,-81,-88,-89,-95,-45,-45,-48,-80,0,0,0,0,0,0,0,0,0,0,0,0,0,0,0,-45,-45,-45,-45,-45,-45,-45,-45,-45,-45,-45,-45,-45,-45,-45,0,-45,0,-45,-45,-45,0,0,0,0,0,0,0,0,0,0,0]} 1. e4 e5 2. Nf3 Nc6 3. Bb5 {[%cal Bf1b5,Bb5a4,Ba4b3][%mdl 32]} a6 4. Ba4 Nf6 5. O-O Be7 6. Re1 b5 7. Bb3 O-O 8. a4 b4 9. a5 d6 10. d3 Be6 11. Bxe6 {C88: Closed Ruy Lopez: Anti-Marshall Systems} fxe6 12. Nbd2 Rb8 13. c3 {LiveBook: 3 Games. White has an edge.} bxc3 (13... Rb5 14. c4 Rb8 15. Nb3 Qc8 16. Qe2 Nd7 17. d4 exd4 18. Nbxd4 Nxd4 19. Nxd4 {½-½ (44) Adams,M (2761)-Wojtaszek,R (2745) Shamkir 2017}) 14. bxc3 Rb5 {[#]} 15. Nf1 $146 Qd7 ({Wrong is} 15... Nxa5 $2 16. c4 $18) 16. Bg5 Rxa5 17. Rxa5 Nxa5 18. d4 exd4 19. cxd4 h6 20. Bh4 (20. Qa1 $5 {[%cal Rg5f6]} Nc6 21. Bxf6 Bxf6 22. e5 $11) 20... Nc6 21. d5 Ne5 22. Nxe5 dxe5 23. dxe6 Qxe6 24. Qc2 Bb4 $36 {[%cal Be7b4,Bb4a5,Ba5b6][%mdl 2080] Black has the initiative.} 25. Rd1 Ba5 26. Ne3 Bb6 27. Nf5 Kh8 28. Bxf6 Qxf6 29. Qd2 a5 30. h4 h5 31. Qc1 Rd8 32. Rxd8+ Qxd8 33. Qa1 Qf6 (33... Qe8 $142 34. Qc3 a4) 34. Qa4 {next Qe8+ is good for White.} Qe6 35. Ne3 Bxe3 36. fxe3 $17 {[%mdl 4096] Endgame KQ-KQ} Qg6 37. Qb5 $1 {[#]} c6 ({Reject} 37... Qxe4 38. Qe8+ Kh7 39. Qxh5+ Kg8 40. Qe8+ Kh7 41. Qh5+ Kg8 42. Qe8+ Kh7 43. Qh5+ $11) (37... Kh7 $1 $17 38. Qxe5 a4) 38. Qxe5 $11 a4 39. Qb8+ Kh7 40. Qb4 Qg3 (40... a3 $5 41. Qxa3 Qxe4 $11) 41. Qxa4 Qe1+ 42. Kh2 Qxh4+ 43. Kg1 Qe1+ 44. Kh2 c5 45. e5 Qxe3 46. e6 Qxe6 47. Qc2+ Kh6 {[#] Threatens to win with ...Qe5+.} 48. Qxc5 g5 49. g3 Qe2+ 50. Kg1 Kg6 51. Qd6+ Kf5 {Hoping for ...Kg4.} 52. Qd7+ Qe6 53. Qd1 (53. g4+ $5 hxg4 54. Qd3+ Qe4 55. Qd7+ Kg6 56. Qd6+ Kf7 57. Qd7+ Kf6 58. Qd6+ Kf7 59. Qd7+ Kf6 60. Qd6+ Kf5 61. Qf8+ Ke5 62. Qb8+ Kd5 63. Qb7+ Kd4 64. Qa7+ Kd3 65. Qa3+ Kd2 66. Qb2+ Ke1 67. Qc1+ Ke2 68. Qb2+ Ke3 69. Qc1+ Kd4 70. Qa1+ Kc4 71. Qc1+ Kb3 72. Qxg5 $15) 53... Qe3+ 54. Kg2 Qe4+ 55. Kh2 h4 {And now ...hxg3+ would win.} 56. Qd7+ {The position is equal.} Kg6 57. gxh4 Qxh4+ 58. Kg2 g4 59. Qe6+ Qf6 60. Qxg4+ Qg5 {Precision: White = 67%, Black = 65%.} 1/2-1/2

[Event "45. Sparkassen Chess-Meeting"]
[Site "Dortmund"]
[Date "2017.07.15"]
[Round "1"]
[White "Wang, Yue"]
[Black "Andreikin, Dmitry"]
[Result "1/2-1/2"]
[WhiteElo "2699"]
[BlackElo "2712"]
[Annotator "TA"]
[PlyCount "115"]
[EventDate "2017.??.??"]
[EventType "tourn"]
[EventCountry "GER"]
[SourceTitle "playchess.com"]
[Source "ChessBase"]
[SourceQuality "1"]

{[%evp 14,115,12,14,10,0,0,0,0,-7,0,-7,12,0,0,0,0,0,0,-13,0,0,-14,-11,-9,-12,0,-32,-34,-30,-31,-31,-29,-24,-27,-37,-34,-30,-31,-65,-65,-65,-65,-65,-65,-65,-65,-63,-62,-64,-60,-60,-51,-60,-60,-60,-60,-60,-60,-60,-51,-51,-51,-51,-51,-51,-51,-51,0,-51,0,-51,-5,-51,-51,-51,-51,-51,-51,-51,-51,-51,-51,-51,-51,-51,-51,-51,-58,-58,-48,-48,-48,-48,0,-48,-48,-48,-48,-48,0,-48,0,-55]} 1. d4 d5 2. c4 dxc4 3. Nf3 Nf6 4. e3 Bg4 5. Bxc4 e6 6. Qb3 Bxf3 7. gxf3 c5 {D25: Queen's Gambit Accepted: 4 e3: sidelines and 4...Bg4} (7... Nbd7 8. Nc3 Nb6 9. Be2 c6 10. Bd2 g6 11. h4 h5 12. O-O-O Be7 13. Kb1 Qd7 14. Bc1 O-O-O 15. e4 Kb8 16. Bf4+ Ka8 17. Be3 {1-0 (38) Nisipeanu,L (2652)-Stevic,H (2605) Austria 2014}) 8. Nc3 {LiveBook: 3 Games. And now d5 would win.} Qd7 9. dxc5 Bxc5 10. Qb5 $146 ({Predecessor:} 10. Bd2 O-O 11. O-O-O Nc6 12. Rhg1 a6 13. Ne2 b5 14. Bd3 {½-½ (22) Kloeckner,C (1543)-Hamid,E (1700) Oberhof 2010}) 10... Be7 11. Qxd7+ Nbxd7 {[%cal Bb8d7,Bd7e5,Be5c4][%mdl 32]} 12. Bd2 Rc8 13. Be2 Ne5 14. O-O-O O-O 15. Kb1 Nc4 16. Be1 Rc6 17. Nb5 a6 18. Nd4 Rc7 19. Nb3 Rfc8 20. Bxc4 Rxc4 21. e4 Kf8 22. Bd2 b5 23. Be3 Ke8 24. Na5 R4c7 25. Bb6 Rc2 26. Rc1 Rxc1+ 27. Rxc1 Rxc1+ 28. Kxc1 $15 {[%mdl 4096] Endgame KBN-KBN} Bd6 29. h3 $1 Nd7 30. Bd4 Be5 31. Be3 f5 32. Nc6 Bd6 33. Kd2 Ne5 34. Nxe5 Bxe5 {KB-KB} 35. b3 f4 36. Bc5 Kd7 37. Kd3 g6 38. Bb4 Kc6 39. Ba3 Bf6 40. Bc1 Be5 41. Ba3 $1 Kd7 42. Bb4 Bd6 43. Bc3 e5 44. Ke2 Ke6 45. Kd3 Bc5 46. Ke2 $1 Kf6 47. Kf1 Bd6 (47... b4 $5 {[%cal Rb4c3]} 48. Bb2 Ke6 $15) 48. Ke2 Kg5 {Strongly threatening ...b4.} 49. Kf1 $1 Kh4 {[#] aiming for ...b4.} 50. Kg2 b4 51. Bb2 h6 52. Ba1 Kh5 53. Bb2 Kh4 54. Ba1 h5 55. Bb2 Kg5 56. Kf1 Kh4 57. Kg2 Kg5 58. Kf1 {Precision: White = 69%, Black = 69%.} 1/2-1/2

[Event "45. Sparkassen Chess-Meeting"]
[Site "Dortmund"]
[Date "2017.07.15"]
[Round "1"]
[White "Nisipeanu, Liviu-Dieter"]
[Black "Bluebaum, Matthias"]
[Result "1/2-1/2"]
[WhiteElo "2683"]
[BlackElo "2642"]
[Annotator "TA"]
[PlyCount "135"]
[EventDate "2017.??.??"]
[EventType "tourn"]
[EventCountry "GER"]
[SourceTitle "playchess.com"]
[Source "ChessBase"]
[SourceQuality "1"]

{[%evp 17,134,18,13,0,24,24,19,18,31,22,28,27,35,27,33,12,12,11,11,11,11,6,11,0,10,0,1,0,0,0,0,0,0,0,0,0,0,0,0,6,15,0,8,3,5,0,0,0,2,0,0,0,0,0,0,0,0,0,8,8,8,0,13,0,13,14,13,13,13,13,20,20,34,0,0,0,4,12,51,4,10,4,4,0,0,0,0,0,0,0,0,0,0,0,0,0,0,0,0,0,0,0,0,0,0,0,0,0,0,0,0,0,0,0,0,0,0,0,0]} 1. d4 Nf6 2. Nc3 d5 3. Bf4 c5 4. e3 cxd4 5. exd4 a6 6. Nf3 {B13: Caro-Kann: Exchange Variation and Panov-Botvinnik Attack} (6. Bd3 Nc6 7. Nce2 Bg4 8. c3 e6 9. Qd2 Bh5 10. Bg5 Bg6 11. Nf4 Bxd3 12. Nxd3 Bd6 13. Nf3 {1-0 (36) Carlsen,M (2840)-Bok,B (2598) Doha 2016}) 6... Nc6 7. Ne5 e6 8. Nxc6 bxc6 9. Na4 Bd6 {LiveBook: 4 Games} 10. Bg3 Bxg3 $146 ({Predecessor:} 10... Qc7 11. Bd3 O-O 12. O-O e5 13. dxe5 Bxe5 14. Qd2 Bxg3 15. fxg3 Re8 16. Rxf6 {½-½ (16) Janosi,E (2138)-Sorcinelli,A (2106) LSS email 2012}) 11. hxg3 Qd6 12. Bd3 e5 13. dxe5 Qxe5+ 14. Qe2 Qxe2+ 15. Kxe2 a5 16. c4 Ba6 17. cxd5 Bxd3+ 18. Kxd3 O-O-O 19. Kc2 Nxd5 20. Rae1 Rhe8 21. a3 Kc7 22. Nc5 h6 23. Nd3 Kd6 24. Rxe8 Rxe8 $11 {[%mdl 4096] Endgame KRN-KRN} 25. Rh4 Kc7 26. Rh5 Kd6 27. Rh4 Kc7 28. Kd2 Re7 29. Rg4 g6 30. Rc4 h5 31. g4 hxg4 32. Rxg4 Nf6 33. Rf4 Ne4+ 34. Kc2 Kb6 35. Rf3 Nc5 36. Nxc5 Kxc5 {KR-KR} 37. Rf6 Rd7 38. Kc3 Kb5 39. g4 Kc5 40. g5 Rd5 41. f4 Rd7 $1 42. f5 gxf5 43. Rxf5+ Kb6 $1 44. a4 Re7 45. Kd4 Re2 $1 46. b3 Rb2 47. Rxf7 Rxb3 48. Ke5 {[#] Strongly threatening Rf4.} Rg3 {The position is equal.} 49. Rf5 c5 $1 {[%cal Bc6c5,Bc5c4][%mdl 32]} 50. Kf6 {Black must now prevent Rf4.} c4 51. g6 {[%cal Bg5g6,Bg6g7][%mdl 32]} c3 {[#] ...c2 is the strong threat.} 52. g7 c2 53. Rf1 $1 Kc5 54. Rc1 Kb4 $1 {[%cal Rb4b3]} 55. Rxc2 {Threatens to win with Rh2.} Kxa4 56. Rc8 (56. Rb2 {is interesting.} Rf3+ 57. Ke5 Rg3 58. Rb7 Ka3 59. Rf7) 56... Rxg7 57. Kxg7 {KR-KP} Kb3 58. Rb8+ Kc3 59. Ra8 Kb4 60. Kf6 a4 $1 61. Ke5 a3 62. Kd4 {Intending Rb8+ and mate.} Kb3 63. Kd3 {White wants to mate with Rb8+.} (63. Ke3 $5 {[%cal Re3d2]} a2 64. Ra5 $11) 63... Kb2 64. Rb8+ Kc1 $1 65. Ra8 Kb2 66. Kd2 {Rb8+ would kill now.} a2 67. Rb8+ Ka1 68. Kc2 $2 {[%mdl 8192] Precision: White = 56%, Black = 71%.} (68. Kc3) 1/2-1/2

[Event "45. Sparkassen Chess-Meeting"]
[Site "Dortmund"]
[Date "2017.07.16"]
[Round "2"]
[White "Wojtaszek, Radoslaw"]
[Black "Wang, Yue"]
[Result "1-0"]
[WhiteElo "2736"]
[BlackElo "2699"]
[Annotator "TA"]
[PlyCount "71"]
[EventDate "2017.??.??"]
[EventType "tourn"]
[EventCountry "GER"]
[SourceTitle "playchess.com"]
[Source "ChessBase"]
[SourceQuality "1"]

{[%evp 16,71,36,21,14,25,22,18,75,-80,-78,-59,-42,-35,17,10,30,-2,0,-31,-21,-24,-29,-22,-25,-17,-7,-16,0,0,0,0,5,5,18,18,26,20,69,37,8,21,14,8,8,8,8,8,350,351,322,334,335,339,318,311,300,291]} 1. d4 Nf6 2. c4 e6 3. Nc3 Bb4 4. Nf3 O-O 5. Bg5 c5 6. e3 h6 7. Bh4 cxd4 8. exd4 {E21: Nimzo-Indian: 4 Nf3} d5 9. Rc1 {LiveBook: 11 Games} Be7 $146 ({Predecessor:} 9... Nc6 10. a3 Be7 11. c5 Ne4 12. Bxe7 Qxe7 13. Bb5 Nxc3 14. Rxc3 e5 15. O-O Bg4 16. Bxc6 bxc6 17. dxe5 Bxf3 18. Rxf3 Qxe5 {½-½ (58) Carlsen,M (2855)-Nakamura,H (2787) Leuven 2016}) 10. c5 {The position is equal.} b6 11. b4 a5 (11... Ne4 $11 {remains equal.} 12. Bxe7 Qxe7) 12. Na4 $2 {[#]} (12. Bxf6 $1 $16 gxf6 13. Na4 axb4 14. Nxb6 Rxa2 15. Qb3) 12... axb4 $17 13. Nxb6 Rxa2 {Threatens to win with ...Ne4.} 14. Qb3 Ra7 ({Black should play} 14... Ra5 $15) 15. Qxb4 $11 Nbd7 (15... Nc6 $5 {[%cal Rc6b4]} 16. Qb2 Bb7 $11) 16. Nxd7 Bxd7 17. Bd3 (17. Bxf6 $5 Bxf6 18. Bd3 $15) 17... Ra4 18. Qd2 Ne4 19. Bxe7 Nxd2 20. Bxd8 Nxf3+ 21. gxf3 Rxd8 22. Ke2 Bc6 23. Ke3 e5 24. dxe5 Rh4 25. Rb1 d4+ 26. Kd2 {Hoping for Rb6.} Kf8 27. Rb6 $1 {[%cal Rb6c6]} Rc8 ({Reject} 27... Bxf3 $6 28. c6 $16) 28. Rhb1 Ke7 29. Ra1 Rc7 30. Raa6 $36 {[%mdl 2048] White has good play.} Bxf3 31. Bb5 {Strongly threatening Rb8.} Bg4 $2 {[%mdl 8192] [#]} (31... Rxh2 $11 32. Rb8 f6) 32. Ra8 $1 $18 {[%csl Gb5][%cal Ra8e8]} Bc8 33. Rc6 {White has a decisive advantage.} Kd8 34. Rxc7 Kxc7 35. Ra7+ Kb8 36. Rxf7 {Precision: White = 73%, Black = 48%.} 1-0

[Event "45. Sparkassen Chess-Meeting"]
[Site "Dortmund"]
[Date "2017.07.16"]
[Round "2"]
[White "Andreikin, Dmitry"]
[Black "Kramnik, Vladimir"]
[Result "1/2-1/2"]
[WhiteElo "2712"]
[BlackElo "2812"]
[Annotator "TA"]
[PlyCount "95"]
[EventDate "2017.??.??"]
[EventType "tourn"]
[EventCountry "GER"]
[SourceTitle "playchess.com"]
[Source "ChessBase"]
[SourceQuality "1"]

{[%evp 9,95,-26,-25,-18,-15,-19,-19,-34,-23,-35,-20,-16,-30,-60,-48,-47,-38,-43,-10,-10,-8,-10,-15,-15,-11,-19,0,0,0,-4,-9,0,0,-4,-8,-10,-17,-19,-14,-15,0,-1,0,0,0,0,24,0,0,0,0,0,0,0,0,0,0,0,14,14,14,14,14,14,14,14,14,14,14,14,14,14,14,14,14,14,14,14,14,14,14,14,14,0,14,0,14,0]} 1. e4 e5 2. Nc3 Nf6 3. g3 Bc5 4. Bg2 c6 5. f4 $146 ({Predecessor:} 5. Nge2 d5 6. exd5 cxd5 7. d4 exd4 8. Nxd4 O-O 9. O-O Bg4 10. Qd3 Bxd4 11. Qxd4 Nc6 12. Qc5 d4 13. h3 Bxh3 14. Bxh3 dxc3 15. bxc3 {½-½ (42) Li,C (2755)-Kramnik,V (2801) Stavanger 2016}) 5... d6 6. Nf3 {C26: Vienna Game: 2...Nf6, sidelines} O-O 7. d3 a5 8. Qe2 Nbd7 9. a3 Re8 10. f5 b5 11. Be3 Qb6 12. Nd1 d5 13. Nd2 dxe4 (13... Ba6 {feels hotter.} 14. Bf2 h6 15. O-O Bb7 16. c3 a4) 14. Nxe4 Nxe4 15. Bxe4 Nf6 16. O-O Bb7 17. Re1 Nxe4 18. dxe4 Rad8 19. Nf2 Bd4 20. c3 Bxe3 21. Qxe3 Qxe3 22. Rxe3 c5 23. Kf1 f6 24. Ke2 Kf7 25. g4 Rd6 26. Rd3 Rxd3 27. Kxd3 $11 {[%mdl 4096] Endgame KRB-KRN} h5 28. h3 (28. a4 $5 {[%cal Ra4b5]}) 28... Rh8 {The position is equal.} 29. Ke3 Bc6 30. Rd1 Ke7 31. g5 c4 32. h4 Rb8 33. Nh1 Rh8 34. g6 a4 35. Ng3 Bb7 36. Ne2 Rc8 37. Nc1 Bc6 38. Na2 Bb7 39. Nb4 Rc5 (39... Bc6 $5) 40. Kf3 Ba8 41. Nc2 Bb7 42. Ne3 Ba8 43. Nf1 {[#] Hoping for Ng3.} Rc8 44. Ng3 Rh8 45. Rd2 Bb7 46. Rd1 Ba8 47. Rd2 Bb7 48. Rd1 {Precision: White = 71%, Black = 75%.} 1/2-1/2

[Event "45. Sparkassen Chess-Meeting"]
[Site "Dortmund"]
[Date "2017.07.16"]
[Round "2"]
[White "Nisipeanu, Liviu-Dieter"]
[Black "Vachier-Lagrave, Maxime"]
[Result "1/2-1/2"]
[WhiteElo "2683"]
[BlackElo "2791"]
[Annotator "TA"]
[PlyCount "54"]
[EventDate "2017.??.??"]
[EventType "tourn"]
[EventCountry "GER"]
[SourceTitle "playchess.com"]
[Source "ChessBase"]
[SourceQuality "1"]

{[%evp 17,54,-14,-2,-9,-2,0,0,0,-3,-4,-9,-9,0,0,0,0,0,-6,0,0,0,0,0,0,0,0,0,0,0,0,0,0,0,0,0,0,0,0,0]} 1. Nf3 c5 2. c4 Nf6 3. Nc3 d5 4. cxd5 Nxd5 5. g3 Nc6 6. Bg2 g6 7. d3 Bg7 8. Bd2 O-O 9. O-O b6 {The position is equal.} 10. d4 {A38: Symmetrical English vs ...g6: 4 Bg2 Bg7 5 Nf3 Nf6} (10. Nxd5 Qxd5 11. Bc3 Bb7 12. Ne5 Qe6 13. Nxc6 Bxc6 14. Bxc6 Qxc6 15. Rc1 Qe6 16. Bxg7 Kxg7 17. Rc4 Rfd8 18. b3 Rd5 19. Qa1+ f6 {½-½ (45) Bu,X (2712)-Li,C (2748) Zaozhuang 2015}) 10... cxd4 11. Nxd5 Qxd5 {[#]} 12. Nxd4 $1 {[%mdl 512]} Qxd4 (12... Nxd4 13. Bxd5) 13. Bxc6 Bh3 14. Bc3 Qxd1 15. Rfxd1 {Bxg7 is the strong threat.} Rad8 16. Bxg7 Kxg7 17. Bd5 $146 ({Predecessor:} 17. b4 Be6 {½-½ (17) McNab,C (2433)-Suarez Real,A (2416) Reading 2017}) 17... Kf6 18. f3 Be6 19. Bxe6 Kxe6 20. Kf2 Rxd1 21. Rxd1 $11 {[%mdl 4096] Endgame KR-KR} Rc8 22. Rd3 Rc2 23. Ra3 Rxb2 24. Rxa7 Kf6 25. a4 Ra2 26. Rb7 Rxa4 27. Rxb6+ e6 {Precision: White = 85%, Black = 64%.} 1/2-1/2

[Event "45. Sparkassen Chess-Meeting"]
[Site "Dortmund"]
[Date "2017.07.16"]
[Round "2"]
[White "Bluebaum, Matthias"]
[Black "Fedoseev, Vladimir"]
[Result "1-0"]
[WhiteElo "2642"]
[BlackElo "2726"]
[Annotator "TA"]
[PlyCount "61"]
[EventDate "2017.??.??"]
[EventType "tourn"]
[EventCountry "GER"]
[SourceTitle "playchess.com"]
[Source "ChessBase"]
[SourceQuality "1"]

{[%evp 20,61,34,0,72,73,65,70,62,63,66,45,47,53,54,50,45,45,71,75,89,70,115,96,184,184,462,416,790,766,1790,658,1180,1174,1179,1153,1147,1115,29989,1410,1342,1159,1147,1106]} 1. d4 d5 2. c4 c6 3. Nf3 Nf6 4. Nc3 e6 5. e3 Nbd7 6. Qc2 Bd6 7. Bd3 O-O 8. O-O dxc4 9. Bxc4 e5 10. h3 Qe7 11. Bb3 Nb6 {D46: Semi-Slav: 5 e3 Nbd7 6 Bd3, Black avoids the Meran} (11... Bc7 $11) (11... Bc7 12. Bd2 h6 13. Rad1 Re8 14. Nh4 Nf8 15. Nf5 Bxf5 16. Qxf5 e4 17. h4 Rad8 18. a3 Qd7 19. Qxd7 N8xd7 {1-0 (66) Duda,J (2697)-Adhiban,B (2670) Khanty-Mansiysk 2017}) 12. dxe5 Bxe5 13. Nxe5 Qxe5 {White is slightly better.} 14. e4 Re8 {[%cal Rf6e4] [#]} 15. Re1 $146 ({Predecessor:} 15. f3 Be6 16. Bxe6 Rxe6 17. Qf2 Rd8 18. Be3 Nc4 19. Rad1 Rxd1 20. Rxd1 Nxe3 21. Qxe3 {½-½ (43) Ruzele,D (2505)-Bykhovsky,A (2425) Berlin 1995}) 15... Nbd5 16. Bd2 Nf4 17. Bxf4 Qxf4 18. Rad1 Nd7 19. Re3 $36 {[%mdl 2048] Keeping Black busy.} Qg5 20. f4 {[%cal Bf2f4,Bf4f5,Bf5f6][%mdl 32]} Qe7 21. Qf2 $1 Nb6 {[#]} (21... Nc5 $16) 22. f5 $1 $18 a5 $2 (22... Qe5 {was called for.} 23. Red3 c5) 23. e5 {And now f6 would win.} a4 (23... Be6 $142 24. fxe6 fxe6) 24. f6 Qb4 {[#]} 25. a3 (25. Bxf7+ $142 $1 {[%mdl 512]} Kxf7 26. fxg7+ Kg8 27. Rf1) 25... Qf8 26. fxg7 Qe7 27. Ne4 axb3 28. Nf6+ Kxg7 29. Nxe8+ (29. Rg3+ $142 Kh8 30. Nxe8 Nd5 31. Nd6 Be6 32. Rxb3 b6 33. Rf3 Rf8 34. Rf1) 29... Kh8 {[#]} 30. Nc7 $1 {[%mdl 512]} Rb8 (30... Qxc7 31. Qf6+) 31. Rf3 {Precision: White = 84%, Black = 12%.} 1-0

[Event "45. Sparkassen Chess-Meeting"]
[Site "Dortmund"]
[Date "2017.07.18"]
[Round "3"]
[White "Kramnik, Vladimir"]
[Black "Wojtaszek, Radoslaw"]
[Result "1/2-1/2"]
[WhiteElo "2812"]
[BlackElo "2736"]
[Annotator "TA"]
[PlyCount "92"]
[EventDate "2017.??.??"]
[EventType "tourn"]
[EventCountry "GER"]
[SourceTitle "playchess.com"]
[Source "ChessBase"]
[SourceQuality "1"]

{[%evp 10,92,27,6,16,7,9,10,18,0,0,0,0,0,8,9,7,0,8,0,0,-29,-4,-19,-7,0,0,-20,-13,-22,-4,-27,0,0,0,-25,-14,-79,0,0,0,0,0,0,0,0,0,0,0,0,0,0,0,0,0,0,0,0,0,0,0,0,0,0,0,0,0,-7,0,0,0,0,0,0,0,0,0,0,0,0,0,-21,-21,-21,-21]} 1. d4 Nf6 2. Nf3 d5 3. e3 e6 4. Bd3 Bd6 5. Nbd2 Nbd7 6. c4 {LiveBook: 3 Games. D05: Colle System with ...e6} (6. O-O O-O 7. Re1 c5 8. e4 c4 9. Bf1 dxe4 10. Nxc4 exf3 11. Nxd6 Ne8 12. Bf4 Ndf6 13. Nxc8 fxg2 14. Bxg2 Qxc8 15. Rc1 {1-0 (42) Gorodetzky,D (2391)-Stremavicius,T (2434) Panevezys 2017}) 6... b6 7. e4 dxe4 8. Nxe4 Bb4+ 9. Bd2 Bxd2+ 10. Qxd2 $146 ({Predecessor:} 10. Nfxd2 Bb7 11. Qf3 Nxe4 12. Bxe4 Bxe4 13. Nxe4 O-O {0-1 (40) Schatz,C (2160)-Jussupow,A (2175) Bayerisch Eisenstein 2012}) 10... Bb7 11. Qe3 O-O 12. Nxf6+ Nxf6 13. Ne5 Nd7 14. Nxd7 Qxd7 15. O-O-O Rad8 (15... Bxg2 $2 16. Rhg1 $18) (15... b5 $5) 16. f3 Qe7 17. Rhe1 Rd6 18. Bc2 Rfd8 19. d5 Qf6 20. g4 Qh4 21. Bb3 Bc8 (21... Qxh2 $2 22. Rh1 $18) 22. g5 g6 ({But not} 22... Qxh2 $2 23. Rh1 $18) 23. Rd4 (23. Kb1 $11 {remains equal.}) 23... Qh3 (23... Qxh2 $17 24. Rd2 Qg3) 24. Re4 {The position is equal.} c6 25. Qf4 cxd5 26. cxd5 Qf5 27. dxe6 Qxf4+ 28. Rxf4 {[#] e7 is the strong threat.} Bxe6 29. Bxe6 fxe6 $11 {[%mdl 4096] Endgame KRR-KRR} 30. Rf6 Rc8+ 31. Kb1 Rf8 32. Rxf8+ Kxf8 {KR-KR} 33. Kc2 Rd5 34. f4 Ke7 35. Re3 h6 36. gxh6 Rh5 37. h3 Rxh6 38. Ra3 Kd6 39. Kd2 Rh4 40. Rxa7 Rxf4 41. Rg7 Rh4 42. Rxg6 Rxh3 43. a4 Kd5 44. b4 Ra3 45. a5 bxa5 46. bxa5 Rxa5 {Precision: White = 62%, Black = 68%.} 1/2-1/2

[Event "45. Sparkassen Chess-Meeting"]
[Site "Dortmund"]
[Date "2017.07.18"]
[Round "3"]
[White "Vachier-Lagrave, Maxime"]
[Black "Bluebaum, Matthias"]
[Result "1/2-1/2"]
[WhiteElo "2791"]
[BlackElo "2642"]
[Annotator "TA"]
[PlyCount "72"]
[EventDate "2017.??.??"]
[EventType "tourn"]
[EventCountry "GER"]
[SourceTitle "playchess.com"]
[Source "ChessBase"]
[SourceQuality "1"]

{[%evp 20,72,3,3,18,5,13,18,17,14,14,17,17,17,13,6,12,2,11,0,1,-14,-13,-14,-15,-15,-15,-11,-8,-8,-8,-18,-8,-17,0,0,0,0,0,0,0,-14,0,0,0,0,0,0,0,0,0,0,0,0,0]} 1. e4 e6 2. d4 d5 3. Nc3 Nf6 4. e5 Nfd7 5. f4 c5 6. Nf3 Nc6 7. Be3 a6 8. Qd2 b5 9. Be2 Be7 {C11: French: Classical System: 4 e5 and 4 Bg5 dxe4} 10. O-O O-O 11. a3 {LiveBook: 139 Games. The position is equal.} Rb8 (11... Bb7 12. Nd1 f6 13. c3 Rc8 14. Bd3 Na5 15. Qe2 fxe5 16. fxe5 cxd4 17. cxd4 {1-0 (38) Grischuk,A (2761)-Caruana,F (2808) Paris 2017}) 12. Kh1 Qc7 $146 ({Predecessor:} 12... b4 13. axb4 Nxb4 14. b3 f6 15. exf6 Rxf6 16. Na4 cxd4 17. Nxd4 Nc5 18. Nxc5 Bxc5 19. c3 {1-0 (19) Pilarska,L (1963)-Raines,D (999) LSS email 2012}) 13. dxc5 Nxc5 14. b4 Ne4 15. Nxe4 dxe4 16. Nd4 Nxd4 17. Bxd4 Bb7 18. c3 Bd5 19. Qe3 Qc6 20. g4 f5 21. exf6 Bxf6 22. Bc5 {next g5 is good for White.} Rf7 23. Rad1 Be7 24. Bxe7 Rxe7 25. f5 Rf7 26. a4 Rc8 ({Don't do} 26... bxa4 27. Rd4 $17) 27. axb5 axb5 28. fxe6 Rxf1+ 29. Bxf1 {Hoping for e7.} Bxe6 30. Bg2 Qxc3 {[#]} 31. Rd8+ $1 {[%mdl 512]} Kf7 (31... Rxd8 32. Qxc3) 32. Qf2+ Qf6 33. Qa7+ Qe7 34. Qf2+ Qf6 35. Qa7+ Qe7 {[#] ( -> ...Rc1+)} 36. Qf2+ Qf6 {Precision: White = 80%, Black = 60%.} 1/2-1/2